00338cam a2200121 450008200140000010000170001424500340003125000120006526000310007730000430010850000250015165000400017600a541.3 JAM1 aJames, A. M.10aPractical physical chemistry, a2nd ed. aLondon,bChurchill,c1967. av-xxi, 360 p.billus., tables, diagrs. aTables on endpapers. 0aChemistry, Physical and theoretical